| 000 | 00426nam a2200133Ia 4500 | ||
|---|---|---|---|
| 008 | 250506s9999 xx 000 0 und d | ||
| 024 | _a15B-029-SE, 15B-035-SE & 15B-010-SE | ||
| 082 | _a005.3129 MUH | ||
| 100 | _aMuhammad Waleed Nasir, Areeba Asif & Hiba Khalid | ||
| 245 | 4 | _aThe Pets Planet (CODE BOOK) | |
| 260 |
_aKarachi: _bUIT, _c2005 |
||
| 600 | _aSoftware Engineering | ||
| 650 | _aBachelor of Computer Science (BS) | ||
| 999 |
_c28215 _d28215 |
||